Proceedings of the second asian-pacific regional meeting on astronomy Bandung, Indonesia, 24 - 29 August, 1981 (Record no. 8688)
[ view plain ]
| 000 -LEADER | |
|---|---|
| fixed length control field | 00680nam a2200205Ia 4500 |
| 003 - CONTROL NUMBER IDENTIFIER | |
| control field | IN-BaIIA |
| 008 - FIXED-LENGTH DATA ELEMENTS--GENERAL INFORMATION | |
| fixed length control field | 211028s9999 xx 000 0 eng d |
| 040 ## - CATALOGING SOURCE | |
| Transcribing agency | IIA Library |
| 080 ## - UNIVERSAL DECIMAL CLASSIFICATION NUMBER | |
| Universal Decimal Classification number | 52(082.2) |
| Item number | PRO |
| 100 ## - MAIN ENTRY--PERSONAL NAME | |
| Personal name | Hidayat, B |
| 9 (RLIN) | 14600 |
| 245 #0 - TITLE STATEMENT | |
| Title | Proceedings of the second asian-pacific regional meeting on astronomy Bandung, Indonesia, 24 - 29 August, 1981 |
| Statement of responsibility, etc. | B. Hidayat and M W Feast |
| 260 ## - PUBLICATION, DISTRIBUTION, ETC. | |
| Place of publication, distribution, etc. | Jakarta |
| Name of publisher, distributor, etc. | Tira Pustaka |
| Date of publication, distribution, etc. | 1984 |
| 300 ## - PHYSICAL DESCRIPTION | |
| Extent | xii, 571p. |
| 650 ## - SUBJECT ADDED ENTRY--TOPICAL TERM | |
| Topical term or geographic name entry element | Astronomy |
| 9 (RLIN) | 80 |
| 650 ## - SUBJECT ADDED ENTRY--TOPICAL TERM | |
| Topical term or geographic name entry element | Astronomy and astrophysics thesaurus |
| 650 ## - SUBJECT ADDED ENTRY--TOPICAL TERM | |
| Topical term or geographic name entry element | Astrophysics |
| 9 (RLIN) | 794 |
| 650 ## - SUBJECT ADDED ENTRY--TOPICAL TERM | |
| Topical term or geographic name entry element | Galactic structure, Stars binary, Pulsars |
| 9 (RLIN) | 14601 |
| 700 ## - ADDED ENTRY--PERSONAL NAME | |
| Personal name | Feast, M W |
| 9 (RLIN) | 14602 |
| 942 ## - ADDED ENTRY ELEMENTS (KOHA) | |
| Koha item type | Books |
| Withdrawn status | Lost status | Damaged status | Not for loan | Home library | Current library | Shelving location | Date acquired | Total Checkouts | Full call number | Barcode | Date last seen | Price effective from | Koha item type |
|---|---|---|---|---|---|---|---|---|---|---|---|---|---|
| IIA Library-Bangalore | IIA Library-Bangalore | General Stacks | 21/05/1986 | 52(082.2)/ PRO | 9563 | 05/11/2021 | 21/05/1986 | Books |